Principles of Sociology and Social Work/ (Record no. 213937)
[ view plain ]
| 000 -LEADER | |
|---|---|
| fixed length control field | 00588nam a2200193 4500 |
| 005 - DATE AND TIME OF LATEST TRANSACTION | |
| control field | 20251216111050.0 |
| 010 ## - LCCN (DPL NO) | |
| LC control number | ENG-147302 |
| 020 ## - INTERNATIONAL STANDARD BOOK NUMBER | |
| International Standard Book Number | 9789391373696 |
| Terms of availability | 200.00 |
| 035 ## - SYSTEM CONTROL NUMBER | |
| System control number | EN-130834 |
| 037 ## - SOURCE OF ACQUISITION | |
| Source of stock number/acquisition | DBAD |
| 082 ## - DEWEY DECIMAL CLASSIFICATION NUMBER | |
| Classification number | 381 |
| Edition number | 1 |
| 100 ## - MAIN ENTRY--PERSONAL NAME | |
| Personal name | Dhakal B, Hari Prabhu |
| 245 ## - TITLE STATEMENT | |
| Title | Principles of Sociology and Social Work/ |
| Statement of responsibility, etc | Hari Prabhu Dhakal B |
| 250 ## - EDITION STATEMENT | |
| Edition statement | 1 |
| 260 ## - PUBLICATION, DISTRIBUTION, ETC. (IMPRINT) | |
| Place of publication, distribution, etc | Madurai |
| Name of publisher, distributor, etc | Shanlax Publications |
| Date of publication, distribution, etc | 2021 |
| 270 ## - ADDRESS | |
| Address | 61,66 Vasantha Nagar |
| City | Madurai |
| Postal code | 625003 |
| Electronic mail address | shanlaxpublications@gmail.com |
| 300 ## - PHYSICAL DESCRIPTION | |
| Extent | 167p. |
| Dimensions | 22cm(Pb) |
| 942 ## - ADDED ENTRY ELEMENTS (KOHA) | |
| Source of classification or shelving scheme | Dewey Decimal Classification |
| Item type | English Books |
| Classification part | 381 |
| Call number suffix | DHA |
| Withdrawn status | Lost status | Not for loan | Collection code | Home library | Current library | Date acquired | Source of acquisition | Cost, normal purchase price | Full call number | Barcode | Copy number | Cost, replacement price | Koha item type |
|---|---|---|---|---|---|---|---|---|---|---|---|---|---|
| Non-fiction | Sarojini Nagar | Sarojini Nagar | 16/12/2025 | Delivery of Books Act Division | 200.00 | 381 DHA | EN-130834 | 1 | 200.00 | English Books |
